Fisioterapia animal: (Record no. 219306)
[ view plain ]
| 000 -CABECERA | |
|---|---|
| campo de control de longitud fija | 03339nam a2200409 4500 |
| 003 - IDENTIFICADOR DEL NÚMERO DE CONTROL | |
| campo de control | CHAP |
| 005 - FECHA Y HORA DE LA ÚLTIMA TRANSACCIÓN | |
| campo de control | 20240130130157.0 |
| 007 - CAMPO FIJO DE DESCRIPCIÓN FÍSICA--INFORMACIÓN GENERAL | |
| campo de control de longitud fija | ta |
| 008 - DATOS DE LONGITUD FIJA--INFORMACIÓN GENERAL | |
| campo de control de longitud fija | 231023s2016 sp ao||fr|||| 001 0 s d |
| 020 ## - NÚMERO INTERNACIONAL ESTÁNDAR DEL LIBRO | |
| Número Internacional Estándar del Libro | 978-84200-1173-8 |
| 040 ## - FUENTE DE LA CATALOGACIÓN | |
| Centro catalogador/agencia de origen | Z |
| Centro/agencia transcriptor | CHAP |
| Normas de descripción | rda |
| 082 00 - NÚMERO DE LA CLASIFICACIÓN DECIMAL DEWEY | |
| Número de clasificación | 636.08982 |
| Número de documento/Ítem | F57 2016 |
| Número de edición | 20 |
| 245 10 - MENCIÓN DE TÍTULO | |
| Título | Fisioterapia animal: |
| Resto del título | valoración, tratamiento y rehabilitación de los animales/ |
| Mención de responsabilidad, etc. | editores Catherine M. McGowan, Lesley Goff y Narelle Stubbs; traducció Beatriz Pazo Vilar, Begoña Peláez Rodríguez y Nuria Peláez Rodríguez |
| 264 #1 - PRODUCCIÓN, PUBLICACIÓN, DISTRIBUCIÓN, FABRICACIÓN Y COPYRIGHT | |
| Producción, publicación, distribución, fabricación y copyright | Zaragoza, España: |
| Nombre del de productor, editor, distribuidor, fabricante | Acribia, |
| Fecha de producción, publicación, distribución, fabricación o copyright | 2016 |
| 300 ## - DESCRIPCIÓN FÍSICA | |
| Extensión | xiv, 310 páginas: |
| Otras características físicas | ilustraciones, fotografías |
| 336 ## - TIPO DE CONTENIDO | |
| Fuente | rdacontent |
| Término de tipo de contenido | texto |
| Código de tipo de contenido | txt |
| 337 ## - TIPO DE MEDIO | |
| Fuente | rdamedia |
| Nombre/término del tipo de medio | sin medio |
| Código del tipo de medio | n |
| 338 ## - TIPO DE SOPORTE | |
| Fuente | rdacarrier |
| Nombre/término del tipo de soporte | volumen |
| Código del tipo de soporte | nc |
| 500 ## - NOTA GENERAL | |
| Nota general | ej.1: consumo |
| 504 ## - NOTA DE BIBLIOGRAFÍA, ETC. | |
| Nota de bibliografía, etc. | Incluye bibliografía |
| 505 ## - NOTA DE CONTENIDO CON FORMATO | |
| Información miscelánea | Capítulo 1. Introducción.-- Capítulo 2. Comportamiento animal aplicado: valoración, dolor y agresión.-- Capítulo 3. Nutrición animal aplicada.-- Capítulo 4. Biomecánica animal aplicada.-- Capítulo 5. Fisiología comparativa del ejercicio.-- Capítulo 6. Cojeras equina y canina.-- Capítulo 7. Trastornos neurológicos y musculares.-- Capítulo 8. Valoración fisioterapéutica para animales.-- Capítulo 9. Terapia manual.-- Capítulo 10. Principios de electroterapia en la fisioterapia veterinaria.-- 11. Hidroterapia.-- Capítulo 12. Puntos de acupuntura y puntos gatillo.-- Capítulo 13. Tratamiento y rehabilitación.-- Capítulo 14. Tratamiento y rehabilitación equina. |
| 520 ## - SUMARIO, ETC. | |
| Sumario, etc. | Fisioterapia animal es una guía de referencia esencial para los fisioterapeutas que buscan aplicar los beneficios demostrados de la fisioterapia al tratamiento de animales de compañía y adiestrados. La fisioterapia animal es una profesión en crecimiento de fisioterapeutas que han ampliado sus conocimientos de la bien establecida esfera humana para los animales. El buen resultado de las fisioterapia en el ámbito humano sumado a un mayor conocimiento del campo animal causa una fuerte demanda de la fisioterapia para animales. Para el fisioterapeuta este libro proporciona información general sobre el comportamiento animal, su nutrición, biomecánica y fisiología del ejercicio. Para veterinarios y personas que trabajen con animales, el libro analizas los principios científicos detrás de la fisioterapia y lo que puede lograr. Incluye análisis de las diferentes técnicas de fisioterapia. Describe métodos de la medicina de pequeños animales así como para los atletas de élite equina. Incluye un modelo de razonamiento clínico aplicado basado en las pruebas, dando ejemplos de casos. |
| 534 ## - NOTA SOBRE LA VERSIÓN ORIGINAL | |
| Frase introductoria | Título original: Animal physiotherapy: assessment, treatment and rehabilitation of animals, 1a ed. |
| 650 10 - PUNTO DE ACCESO ADICIONAL DE MATERIA--TÉRMINO DE MATERIA | |
| 9 (RLIN) | 139974 |
| Término de materia o nombre geográfico como elemento de entrada | Terapéutica veterinaria |
| 650 13 - PUNTO DE ACCESO ADICIONAL DE MATERIA--TÉRMINO DE MATERIA | |
| 9 (RLIN) | 5889 |
| Término de materia o nombre geográfico como elemento de entrada | Animales domésticos |
| Subdivisión general | Rehabilitación |
| 650 #4 - PUNTO DE ACCESO ADICIONAL DE MATERIA--TÉRMINO DE MATERIA | |
| 9 (RLIN) | 112346 |
| Término de materia o nombre geográfico como elemento de entrada | Terapéutica fisiológica |
| Subdivisión general | Técnicas |
| 700 1# - PUNTO DE ACCESO ADICIONAL--NOMBRE DE PERSONA | |
| 9 (RLIN) | 188185 |
| Nombre de persona | McGowan, Catherine |
| Término indicativo de función/relación | editor |
| 700 1# - PUNTO DE ACCESO ADICIONAL--NOMBRE DE PERSONA | |
| 9 (RLIN) | 188186 |
| Nombre de persona | Goff, Lesley |
| Término indicativo de función/relación | editor |
| 700 1# - PUNTO DE ACCESO ADICIONAL--NOMBRE DE PERSONA | |
| 9 (RLIN) | 188187 |
| Nombre de persona | Stubbs, Narelle |
| Término indicativo de función/relación | editor |
| 700 1# - PUNTO DE ACCESO ADICIONAL--NOMBRE DE PERSONA | |
| 9 (RLIN) | 188188 |
| Nombre de persona | Pazo Vilar, Beatriz |
| Término indicativo de función/relación | traductor |
| 700 1# - PUNTO DE ACCESO ADICIONAL--NOMBRE DE PERSONA | |
| 9 (RLIN) | 188189 |
| Nombre de persona | Peláez Rodríguez, Begoña |
| Término indicativo de función/relación | traductor |
| 700 1# - PUNTO DE ACCESO ADICIONAL--NOMBRE DE PERSONA | |
| 9 (RLIN) | 188193 |
| Nombre de persona | Peláez Rodríguez, Nuria |
| Término indicativo de función/relación | traductor |
| 942 ## - ELEMENTOS DE PUNTO DE ACCESO ADICIONAL (KOHA) | |
| Fuente del sistema de clasificación o colocación | Dewey Decimal Classification |
| 942 ## - ELEMENTOS DE PUNTO DE ACCESO ADICIONAL (KOHA) | |
| Fuente del sistema de clasificación o colocación | Dewey Decimal Classification |
| 942 ## - ELEMENTOS DE PUNTO DE ACCESO ADICIONAL (KOHA) | |
| Fuente del sistema de clasificación o colocación | Dewey Decimal Classification |
| 942 ## - ELEMENTOS DE PUNTO DE ACCESO ADICIONAL (KOHA) | |
| Tipo de ítem Koha | Libro |
| Estado de retiro | Estado de pérdida | Fuente del sistema de clasificación o colocación | Estado dañado | Restricciones de uso | No para préstamo | Código de colección | Localización permanente | Ubicación/localización actual | Fecha de adquisición | Fuente de adquisición | Coste, precio normal de compra | Número de inventario | Total de préstamos | Signatura topográfica completa | Código de barras | Fecha visto por última vez | Número de copia | Precio válido a partir de | Tipo de ítem Koha |
|---|---|---|---|---|---|---|---|---|---|---|---|---|---|---|---|---|---|---|---|
| Dewey Decimal Classification | Préstamo interno | General | Zootecnia | Zootecnia | 13/12/2021 | Compra por licitación Factura n. 237 | 1847.00 | Consumo | 636.08982 F57 2016 | 5102007391 | 23/10/2023 | Ej.1 | 23/10/2023 | Libro |
